| 000 | 00967nam a2200277Ia 4500 | ||
|---|---|---|---|
| 003 | OSt | ||
| 005 | 20250605095315.0 | ||
| 008 | 210716s2008 xx 000 0 und d | ||
| 020 | _a9788120334021 | ||
| 040 | _cAIMIT LIBRARY | ||
| 041 | _aeng | ||
| 082 |
_a005.7402 _21 _bSARD |
||
| 100 |
_aSarka, Dejan. _9212841 |
||
| 245 |
_aMcitp self paced training kit: designing database solutions by using microsoft sql server 2005. _bDesigning database solutions by using microsoft sql server 2005. |
||
| 250 | _a1 | ||
| 260 |
_aNew Delhi _bPHI Learning Pvt Ltd _c2008 |
||
| 300 | _axxxiii,611 | ||
| 650 |
_aDesigning a logical database _9212842 |
||
| 650 |
_aDesigning a database for performance _9212861 |
||
| 650 |
_aDesigning a secure database _9212862 |
||
| 650 |
_adesigning for secure database _9212863 |
||
| 700 |
_aWiernik, Adolfo. _9212843 |
||
| 700 |
_aLaria, Javier. _9212844 |
||
| 700 |
_aLeonard, Andy. _9212845 |
||
| 942 |
_2ddc _cBK _e1 _k005.7402 SARD |
||
| 999 |
_c190622 _d190622 |
||